000 01332nmc a2200445 a 4500
003 AR-BaBNM
005 20251128211641.0
008 185020s[200 ||||||||||||||000 | spa||
020 _a980-251-112-9
040 _cAR-BaBNM
245 1 0 _aLas ciencias sociales
_bconcepciones y procedimientos
250 _a1ª ed.
260 _aCaracas
_bLaboratorio Educativo
_c[2002?]
300 0 _a132 p.
490 0 _aClaves para la innovación educativa
_v14
504 _aIncluye referencias bibliográficas al final de cada capítulo
650 4 _aENSENANZA DE LAS CIENCIAS SOCIALES
651 4 _aEspaña
653 _aPROYECTOS CURRICULARES
653 _aEXPERIENCIAS EDUCATIVAS
653 _aEDUCACION INICIAL
653 _aEDUCACION PRIMARIA
653 _aEDUCACION SECUNDARIA
700 1 _aBenejam, Pilar
700 1 _aBerges, Lucía
700 1 _aMartorell, Joanot
700 1 _aHernández, Xavier
700 1 _aIglesias, Jesús Carlos
700 1 _aLoste, M. Antonia
700 1 _aMartínez, Rosa M.
700 1 _aOller Freixa, Montserrat
700 1 _aPujol Vilallonga, Rosa M.
700 1 _aRuiz Varona, José Manuel
700 1 _aAntoni Serra, Josep
700 1 _aSolé Sardans, Marina
700 1 _aYañez, M. Encarnación
710 2 _aGrupo Cronos
942 _cBK
998 _ccalidad
999 _c20588
_d20588